Loading...
Charithrathil vilayam prapicha vikarangal
| Hovedforfatter: | |
|---|---|
| Format: | Printed Book |
| Udgivet: |
Kottayam
Sahithya pravarthaka cooperative society ltd.
2012
|
| Fag: |
| LEADER | 00481nam a22001337a 4500 | ||
|---|---|---|---|
| 020 | |a 9780CAMPUS91687 | ||
| 082 | |a 900 |b AND.C | ||
| 100 | |a Andalat | ||
| 245 | |a Charithrathil vilayam prapicha vikarangal | ||
| 260 | |a Kottayam |b Sahithya pravarthaka cooperative society ltd. |c 2012 | ||
| 650 | |a Malayalam, history, vikarangal | ||
| 942 | |c BK | ||
| 999 | |c 2669 |d 2669 | ||
| 952 | |0 0 |1 0 |4 0 |6 900_000000000000000_AND_C |7 0 |8 NFIC |9 2677 |a CAMPUS |b CAMPUS |d 2015-03-28 |l 0 |o 900 AND.C |p 18921 |r 2015-03-28 |w 2015-03-28 |y BK | ||